[Event "NED-chT 0809"]
[Site "Netherlands"]
[Date "2009.03.28"]
[Round "7.7"]
[White "Temmink, Henk H"]
[Black "Berkvens, Joost"]
[Result "0-1"]
[WhiteElo "2230"]
[BlackElo "2431"]
[PlyCount "52"]
[EventDate "2008.09.27"]
[EventType "team-tourn"]
[EventRounds "9"]
[EventCountry "NED"]
[SourceTitle "EXT 2010"]
[Source "ChessBase"]
[SourceDate "2010.11.25"]
[SourceVersion "1"]
[SourceVersionDate "2010.11.25"]
[SourceQuality "1"]
[WhiteTeam "Voerendaal"]
[BlackTeam "Utrecht"]
[WhiteTeamCountry "NED"]
[BlackTeamCountry "NED"]

1. Nf3 f5 2. g3 Nf6 3. Bg2 g6 4. 0-0 Bg7 5. d4 0-0 6. Nbd2 d6 7. b3 Nc6 8. Bb2 Qe8 9. c4 e5 10. dxe5 dxe5 11. e4 f4 12. Qc2 h6 13. c5 g5 14. Rfe1 Qh5 15. b4 fxg3 16. fxg3 Be6 17. b5 Nd4 18. Bxd4 exd4 19. e5 Ng4 20. Qe4 Rad8 21. h3 Ne3 22. g4 Qf7 23. Bh1 Bd5 24. Qd3 Qf4 25. Re2 Qg3+ 26. Bg2 Bxf3 0-1

[Event "NED-chT 0809"]
[Site "Netherlands"]
[Date "2008.11.22"]
[Round "3.6"]
[White "Berkvens, Joost"]
[Black "Bosch, Jeroen"]
[Result "0-1"]
[WhiteElo "2431"]
[BlackElo "2444"]
[PlyCount "76"]
[EventDate "2008.09.27"]
[EventType "team-tourn"]
[EventRounds "9"]
[EventCountry "NED"]
[SourceTitle "EXT 2013"]
[Source "ChessBase"]
[SourceDate "2012.11.22"]
[SourceVersion "1"]
[SourceVersionDate "2012.11.22"]
[SourceQuality "1"]
[WhiteTeam "Utrecht"]
[BlackTeam "Rotterdam Schrijvers"]
[WhiteTeamCountry "NED"]
[BlackTeamCountry "NED"]

1. d4 d5 2. c4 e6 3. Nc3 c5 4. cxd5 exd5 5. Nf3 Nc6 6. Bg5 f6 7. Bf4 g5 8. Be3 c4 9. Bd2 Be6 10. e4 dxe4 11. Qe2 exf3 12. Qxe6+ Qe7 13. Qxe7+ Ngxe7 14. 0-0-0 0-0-0 15. h4 fxg2 16. Bxg2 Nb4 17. Ne4 Nd3+ 18. Kc2 g4 19. Nc5 Nc6 20. Be3 Bxc5 21. dxc5 Nd4+ 22. Kb1 Nf5 23. Rhf1 Rhe8 24. c6 b6 25. Bd2 Nxh4 26. Bh1 Re2 27. Bc3 Nf3 28. Bxf3 gxf3 29. Rh1 Rd6 30. Rxh7 Rxc6 31. Rxa7 Rc7 32. Ra8+ Kb7 33. Rf8 Nxf2 34. Rf1 Rc6 35. Rf7+ Ka6 36. Bd4 Ne4 37. Kc1 f2 38. Kd1 Rd2+ 0-1

[Event "EU-Cup 24th"]
[Site "Kallithea"]
[Date "2008.10.20"]
[Round "4"]
[White "Berkvens, Joost"]
[Black "Bakalarz, Mietek"]
[Result "1/2-1/2"]
[WhiteElo "2431"]
[BlackElo "2330"]
[PlyCount "101"]
[EventDate "2008.10.17"]
[EventType "team-swiss"]
[EventRounds "7"]
[EventCountry "GRE"]
[SourceTitle "CBM 127"]
[Source "ChessBase"]
[SourceDate "2008.11.13"]
[SourceVersion "1"]
[SourceVersionDate "2008.11.13"]
[SourceQuality "1"]
[WhiteTeam "Utrecht"]
[BlackTeam "Differdange"]
[WhiteTeamCountry "NED"]
[BlackTeamCountry "LUX"]

1. e4 e5 2. Nf3 Nf6 3. Nc3 Nc6 4. g3 d5 5. exd5 Nxd5 6. Bg2 Nxc3 7. bxc3 Bd6 8. 0-0 0-0 9. Re1 Bg4 10. Rb1 f5 11. d3 Rb8 12. h3 Bh5 13. g4 fxg4 14. Ng5 Bc5 15. d4 exd4 16. Qd3 Bg6 17. Qc4+ Kh8 18. Qxc5 Qf6 19. Kh1 h6 20. Re6 Qxf2 21. Ba3 gxh3 22. Nxh3 Qxc2 23. Rc1 Qf5 24. Qxf5 Bxf5 25. Rxc6 bxc6 26. Bxf8 Rxf8 27. cxd4 Rd8 28. Rc4 Bd3 29. Ra4 Bb5 30. Rxa7 Rxd4 31. Nf2 g5 32. Ne4 Rc4 33. Kh2 Kg7 34. Rxc7+ Kg6 35. Nd6 Ra4 36. Nxb5 cxb5 37. Bd5 Rd4 38. Bb3 h5 39. Rc5 Rd2+ 40. Kg1 h4 41. Rxb5 h3 42. Rd5 Rg2+ 43. Kh1 g4 44. Rc5 Rb2 45. Rc2 Rb1+ 46. Kh2 Kg5 47. Be6 Kh4 48. Rc4 Rb2+ 49. Kg1 Rb1+ 50. Kh2 Rb2+ 51. Kg1 1/2-1/2

[Event "EU-Cup 24th"]
[Site "Kallithea"]
[Date "2008.10.17"]
[Round "1"]
[White "Predojevic, Borki"]
[Black "Berkvens, Joost"]
[Result "1-0"]
[WhiteElo "2615"]
[BlackElo "2431"]
[PlyCount "75"]
[EventDate "2008.10.17"]
[EventType "team-swiss"]
[EventRounds "7"]
[EventCountry "GRE"]
[SourceTitle "CBM 127"]
[Source "ChessBase"]
[SourceDate "2008.11.13"]
[SourceVersion "1"]
[SourceVersionDate "2008.11.13"]
[SourceQuality "1"]
[WhiteTeam "Sarajevo Bosna"]
[BlackTeam "Utrecht"]
[WhiteTeamCountry "BIH"]
[BlackTeamCountry "NED"]

1. e4 c5 2. Nf3 Nc6 3. Bb5 g6 4. Bxc6 dxc6 5. d3 Bg7 6. Nbd2 Nf6 7. a4 Bg4 8. a5 b5 9. 0-0 Nd7 10. h3 Bxf3 11. Nxf3 0-0 12. c3 b4 13. cxb4 Rb8 14. bxc5 Nxc5 15. Be3 Nxd3 16. Bxa7 Rxb2 17. Ra3 Nf4 18. Qxd8 Rxd8 19. Be3 Ne2+ 20. Kh2 Rb5 21. e5 c5 22. a6 Ra8 23. Rd1 Nd4 24. Bxd4 cxd4 25. Rxd4 Rb6 26. Rda4 Ra7 27. Kg3 Bh6 28. Ra1 Kg7 29. h4 Re6 30. Nd4 Rb6 31. f4 f6 32. e6 f5 33. Ra5 Kf6 34. Nb5 Ra8 35. Nd4 Ra7 36. R1a3 Rb4 37. Nc6 Bxf4+ 38. Kf3 1-0

[Event "EU-Cup 23rd"]
[Site "Kemer"]
[Date "2007.10.04"]
[Round "2.3"]
[White "Saltaev, Mihail"]
[Black "Berkvens, Joost"]
[Result "0-1"]
[WhiteElo "2511"]
[BlackElo "2452"]
[PlyCount "64"]
[EventDate "2007.10.03"]
[EventType "team-swiss"]
[EventRounds "7"]
[EventCountry "TUR"]
[SourceTitle "CBM 121"]
[Source "ChessBase"]
[SourceDate "2007.11.14"]
[SourceVersion "1"]
[SourceVersionDate "2007.11.14"]
[SourceQuality "1"]
[WhiteTeam "Eupen Rochade"]
[BlackTeam "Utrecht"]
[WhiteTeamCountry "BEL"]
[BlackTeamCountry "NED"]

1. e4 c5 2. Nf3 d6 3. d4 cxd4 4. Nxd4 Nf6 5. Nc3 Nc6 6. Bc4 e6 7. 0-0 Be7 8. a3 0-0 9. Ba2 Nxd4 10. Qxd4 b6 11. Qd3 Bb7 12. Bf4 Qc8 13. Rfd1 Rd8 14. Qe2 Bc6 15. f3 Qb7 16. Nb5 d5 17. e5 Nh5 18. Bc1 Qa6 19. Nd4 Qxe2 20. Nxe2 g5 21. g4 Ng7 22. Nd4 Bd7 23. Rf1 f6 24. f4 gxf4 25. Bxf4 h5 26. h3 hxg4 27. hxg4 Rf8 28. Rad1 f5 29. gxf5 Nxf5 30. Nxf5 Rxf5 31. Rxd5 Be8 32. Rd6 Rf7 0-1

[Event "NED-chT 0708"]
[Site "Netherlands"]
[Date "2007.09.15"]
[Round "1.5"]
[White "Berkvens, Joost"]
[Black "Cuijpers, Frans Andre"]
[Result "0-1"]
[WhiteElo "2452"]
[BlackElo "2484"]
[PlyCount "46"]
[EventDate "2007.09.15"]
[EventType "team-tourn"]
[EventRounds "9"]
[EventCountry "NED"]
[SourceTitle "CBM 120 Extra"]
[Source "ChessBase"]
[SourceDate "2007.11.01"]
[SourceVersion "1"]
[SourceVersionDate "2007.11.01"]
[SourceQuality "1"]
[WhiteTeam "Utrecht"]
[BlackTeam "Rotterdam Schrijvers"]
[WhiteTeamCountry "NED"]
[BlackTeamCountry "NED"]

1. e4 d6 2. d4 Nf6 3. Nc3 g6 4. g3 Bg7 5. Bg2 0-0 6. Nge2 c6 7. a4 a5 8. 0-0 e5 9. h3 Na6 10. Be3 Nb4 11. Qd2 Be6 12. b3 d5 13. exd5 Nfxd5 14. Nxd5 Bxd5 15. Bxd5 Nxd5 16. Bg5 Qd7 17. Kh2 exd4 18. Rad1 Qf5 19. g4 Qf3 20. Bh4 Rfe8 21. Ng1 Qc3 22. Qc1 Nb4 23. Rd2 d3 0-1

[Event "NED-chT 0607"]
[Site "Netherlands"]
[Date "2007.05.13"]
[Round "9.4"]
[White "Berkvens, Joost"]
[Black "Abeln, Michiel"]
[Result "1/2-1/2"]
[WhiteElo "2458"]
[BlackElo "2380"]
[PlyCount "121"]
[EventDate "2006.09.23"]
[EventType "team-tourn"]
[EventRounds "9"]
[EventCountry "NED"]
[SourceTitle "EXT 2008"]
[Source "ChessBase"]
[SourceDate "2007.11.25"]
[SourceVersion "1"]
[SourceVersionDate "2007.11.25"]
[SourceQuality "1"]
[WhiteTeam "Utrecht"]
[BlackTeam "Calder HMC"]
[WhiteTeamCountry "NED"]
[BlackTeamCountry "NED"]

1. Nf3 f5 2. d4 Nf6 3. c4 g6 4. g3 Bg7 5. Bg2 0-0 6. b4 d6 7. Bb2 e5 8. dxe5 Ng4 9. c5 dxe5 10. Qb3+ Kh8 11. h3 e4 12. hxg4 exf3 13. Bxg7+ Kxg7 14. Qxf3 Qd4 15. Qc3 Qxc3+ 16. Nxc3 fxg4 17. 0-0 Nc6 18. b5 Na5 19. Rfd1 Bf5 20. Rd4 a6 21. Ra4 axb5 22. Nxb5 Bd7 23. Rb1 Rf5 24. Rd4 Bxb5 25. Rxb5 c6 26. Rd7+ Kg8 27. Rb4 Rxc5 28. Rxg4 Nc4 29. Rxb7 Rxa2 30. Rd4 Rd2 31. Re4 Nd6 32. Rb8+ Kf7 33. Rf4+ Kg7 34. Rd8 Ne4 35. Rc8 Rd1+ 36. Kh2 Rh5+ 37. Rh4 Rxh4+ 38. gxh4 Nxf2 39. Kg3 Nh1+ 40. Kh2 Nf2 41. Rc7+ Kh6 42. Kg3 Nh1+ 43. Kf4 Rg1 44. Kf3 Rc1 45. e3 c5 46. e4 Rc3+ 47. Kf4 Nf2 48. e5 Nd3+ 49. Ke4 Nf2+ 50. Kd5 Rd3+ 51. Kxc5 Rc3+ 52. Kd6 Rxc7 53. Kxc7 Ng4 54. e6 g5 55. e7 Nf6 56. hxg5+ Kxg5 57. Kd6 Kg6 58. Ke6 h5 59. Be4+ Kg7 60. Bf3 h4 61. Bg2 1/2-1/2

[Event "NRW Class2 0607"]
[Site "Germany"]
[Date "2007.04.15"]
[Round "8.1"]
[White "Emunds, Hans Georg"]
[Black "Berkvens, Joost"]
[Result "0-1"]
[WhiteElo "2227"]
[BlackElo "2458"]
[PlyCount "40"]
[EventDate "2006.09.17"]
[EventType "team-tourn"]
[EventRounds "9"]
[EventCountry "GER"]
[SourceTitle "EXT 2008"]
[Source "ChessBase"]
[SourceDate "2007.11.25"]
[SourceVersion "1"]
[SourceVersionDate "2007.11.25"]
[SourceQuality "1"]
[WhiteTeam "Muenster II"]
[BlackTeam "Koeln Brueck"]
[WhiteTeamCountry "GER"]
[BlackTeamCountry "GER"]

1. e4 c5 2. b3 e6 3. Bb2 Nc6 4. Nf3 d5 5. exd5 exd5 6. Bb5 Nf6 7. 0-0 Be7 8. Ne5 Qc7 9. Re1 0-0 10. Nxc6 bxc6 11. Bxc6 Ng4 12. g3 Qxc6 13. Rxe7 d4 14. Na3 Nxf2 15. Kxf2 Qf6+ 16. Qf3 Qxe7 17. Qxa8 Bb7 18. Qxf8+ Kxf8 19. Rf1 Qe4 20. Bc1 Qg2+ 0-1

[Event "NED-chT 0607"]
[Site "Netherlands"]
[Date "2007.03.03"]
[Round "6.8"]
[White "Berkvens, Joost"]
[Black "Buenermann, Volker"]
[Result "1/2-1/2"]
[WhiteElo "2458"]
[BlackElo "2304"]
[PlyCount "104"]
[EventDate "2006.09.23"]
[EventType "team-tourn"]
[EventRounds "9"]
[EventCountry "NED"]
[SourceTitle "EXT 2008"]
[Source "ChessBase"]
[SourceDate "2007.11.25"]
[SourceVersion "1"]
[SourceVersionDate "2007.11.25"]
[SourceQuality "1"]
[WhiteTeam "Utrecht"]
[BlackTeam "Enschede ESGOO"]
[WhiteTeamCountry "NED"]
[BlackTeamCountry "NED"]

1. Nf3 Nf6 2. c4 g6 3. d4 Bg7 4. g3 0-0 5. Bg2 d6 6. 0-0 c6 7. Nc3 Qa5 8. h3 Be6 9. Nd2 Qh5 10. e3 Qxd1 11. Rxd1 d5 12. b3 Na6 13. Ba3 Rfe8 14. Rac1 Rad8 15. Na4 Bc8 16. b4 dxc4 17. Nc5 Nxc5 18. bxc5 c3 19. Rxc3 e5 20. dxe5 Rxe5 21. Rcc1 Ree8 22. Nc4 Rxd1+ 23. Rxd1 Be6 24. Nd6 Re7 25. Rb1 Bxa2 26. Rxb7 Rxb7 27. Nxb7 Bd5 28. f3 Nd7 29. Kf2 f5 30. Bf1 Bf8 31. Bd3 Ne5 32. Be2 Nd7 33. Ke1 Be7 34. Bb4 Kf7 35. Kd2 Ke6 36. g4 Ne5 37. f4 Nf3+ 38. Kc2 Ng1 39. Bf1 Be4+ 40. Kd2 Nf3+ 41. Kd1 h6 42. Bc4+ Bd5 43. Bxd5+ Kxd5 44. Ke2 fxg4 45. hxg4 Nh2 46. f5 gxf5 47. gxf5 Ng4 48. Bc3 Bf6 49. Bxf6 Nxf6 50. Kf3 Ke5 51. Nd6 a5 52. e4 Nxe4 1/2-1/2

[Event "NRW Class1 0506"]
[Site "Germany"]
[Date "2006.03.05"]
[Round "7.1"]
[White "Berkvens, Joost"]
[Black "Dranov, Aleksandar"]
[Result "1-0"]
[WhiteElo "2430"]
[BlackElo "2374"]
[PlyCount "47"]
[EventDate "2005.09.25"]
[EventType "team"]
[EventRounds "9"]
[EventCountry "GER"]
[SourceTitle "EXT 2006"]
[Source "ChessBase"]
[SourceDate "2005.11.24"]
[SourceVersion "1"]
[SourceVersionDate "2005.11.24"]
[SourceQuality "1"]
[WhiteTeam "Koeln Brueck"]
[BlackTeam "Godesberg II"]
[WhiteTeamCountry "GER"]
[BlackTeamCountry "GER"]

1. d4 Nf6 2. c4 e6 3. g3 d5 4. Nf3 Bb4+ 5. Nbd2 0-0 6. Qc2 c5 7. dxc5 Bxc5 8. Bg2 Qb6 9. 0-0 Ng4 10. e3 Bxe3 11. fxe3 Nxe3 12. Qd3 dxc4 13. Nxc4 Nxc4+ 14. Kh1 Qc7 15. Ng5 g6 16. Rxf7 Rxf7 17. Nxf7 Kxf7 18. Bh6 Nd7 19. Rc1 Ke8 20. Rxc4 Ne5 21. Rxc7 Nxd3 22. Rxh7 a5 23. Bf1 Nc5 24. Bb5+ 1-0

[Event "NED-ch61 sf"]
[Site "Hilversum"]
[Date "2006.02.11"]
[Round "1.1"]
[White "Berkvens, Joost"]
[Black "Willemze, Thomas"]
[Result "1-0"]
[WhiteElo "2423"]
[BlackElo "2392"]
[PlyCount "60"]
[EventDate "2006.02.11"]
[EventType "k.o."]
[EventRounds "3"]
[EventCountry "NED"]
[SourceTitle "CBM 110 Extra"]
[Source "ChessBase"]
[SourceDate "2006.03.10"]
[SourceVersion "2"]
[SourceVersionDate "2006.03.10"]
[SourceQuality "1"]

1. c4 Nf6 2. Nc3 c5 3. Nf3 e6 4. e4 d6 5. d4 cxd4 6. Nxd4 a6 7. g4 h6 8. Bg2 Qc7 9. Be3 Nc6 10. h3 Ne5 11. b3 b5 12. f4 Ng6 13. 0-0 Rb8 14. Rc1 bxc4 15. Na4 Bd7 16. Rxc4 Qb7 17. Qc2 Be7 18. Rc7 Qa8 19. Nxe6 Bxe6 20. Ra7 Qxa7 21. Bxa7 Rc8 22. Qf2 Bd7 23. g5 hxg5 24. fxg5 Bb5 25. gxf6 Bxf1 26. Bxf1 Bxf6 27. Nb6 Rc1 28. Qd2 Rc3 29. Qxd6 Ne5 30. Qb8+ Ke7 1-0

[Event "NRW Class1 0506"]
[Site "Germany"]
[Date "2006.01.08"]
[Round "5.1"]
[White "Straub, Natalia"]
[Black "Berkvens, Joost"]
[Result "1/2-1/2"]
[WhiteElo "2300"]
[BlackElo "2430"]
[PlyCount "95"]
[EventDate "2005.09.25"]
[EventType "team"]
[EventRounds "9"]
[EventCountry "GER"]
[SourceTitle "EXT 2006"]
[Source "ChessBase"]
[SourceDate "2005.11.24"]
[SourceVersion "1"]
[SourceVersionDate "2005.11.24"]
[SourceQuality "1"]
[WhiteTeam "Gesch"]
[BlackTeam "Koeln Brueck"]
[WhiteTeamCountry "GER"]
[BlackTeamCountry "GER"]

1. d4 Nf6 2. c4 e6 3. g3 c5 4. d5 exd5 5. cxd5 b5 6. Bg2 d6 7. Nh3 g6 8. 0-0 Bg7 9. a4 b4 10. Nd2 Ba6 11. Re1 Nbd7 12. Rb1 c4 13. Nf3 0-0 14. Nd4 Qb6 15. Nc6 Nc5 16. Bd2 b3 17. a5 Qc7 18. Bc3 Na4 19. Bd4 Bb5 20. Qd2 a6 21. e4 Nd7 22. Bxg7 Kxg7 23. Qd4+ f6 24. Nf4 Ndc5 25. Bf1 g5 26. Nh5+ Kg6 27. g4 Nd3 28. Bxd3 cxd3 29. Re3 Bxc6 30. dxc6 Nc5 31. Qd5 Qc8 32. Rc1 Qxg4+ 33. Ng3 Qe6 34. Rxc5 Rfe8 35. Qxe6 Rxe6 36. Rd5 Rc8 37. Rexd3 Rxc6 38. Rxb3 h5 39. Rb6 Rc1+ 40. Kg2 h4 41. Nf5 Rxe4 42. Nxd6 Rg4+ 43. Kf3 Rf4+ 44. Ke3 Re1+ 45. Kd2 Rf1 46. Ke3 Re1+ 47. Kd2 Rf1 48. Ke3 1/2-1/2

[Event "Zug Young Masters 12th"]
[Site "Zug"]
[Date "2005.10.16"]
[Round "9"]
[White "Zenklusen, Rico"]
[Black "Berkvens, Joost"]
[Result "1-0"]
[WhiteElo "2340"]
[BlackElo "2430"]
[PlyCount "61"]
[EventDate "2005.10.08"]
[EventType "tourn"]
[EventRounds "9"]
[EventCountry "SUI"]
[EventCategory "4"]
[SourceTitle "CBM 108 Extra"]
[Source "ChessBase"]
[SourceDate "2005.11.04"]
[SourceVersion "1"]
[SourceVersionDate "2005.11.04"]
[SourceQuality "1"]

1. e4 c5 2. Nf3 Nc6 3. d4 cxd4 4. Nxd4 Nf6 5. Nc3 e5 6. Ndb5 d6 7. Bg5 a6 8. Na3 b5 9. Bxf6 gxf6 10. Nd5 Bg7 11. c3 f5 12. exf5 Bxf5 13. Nc2 0-0 14. Nce3 Bg6 15. h4 Be4 16. h5 Qg5 17. Be2 Kh8 18. Bf3 Bxf3 19. Qxf3 e4 20. Qf5 Bh6 21. Rd1 Qg7 22. Rh4 Rae8 23. Rxe4 Rxe4 24. Qxe4 f5 25. Qe6 Nd8 26. Qe7 Qxe7 27. Nxe7 Bxe3 28. fxe3 f4 29. Rxd6 Nb7 30. Rxa6 Rf7 31. h6 1-0

[Event "Zug Young Masters 12th"]
[Site "Zug"]
[Date "2005.10.14"]
[Round "7"]
[White "Kuemin, Simon"]
[Black "Berkvens, Joost"]
[Result "0-1"]
[WhiteElo "2373"]
[BlackElo "2430"]
[PlyCount "140"]
[EventDate "2005.10.08"]
[EventType "tourn"]
[EventRounds "9"]
[EventCountry "SUI"]
[EventCategory "4"]
[SourceTitle "CBM 108 Extra"]
[Source "ChessBase"]
[SourceDate "2005.11.04"]
[SourceVersion "1"]
[SourceVersionDate "2005.11.04"]
[SourceQuality "1"]

1. d4 Nf6 2. c4 e6 3. g3 c5 4. Nf3 cxd4 5. Nxd4 Nc6 6. Bg2 Qb6 7. Nc2 d5 8. cxd5 exd5 9. 0-0 Be6 10. b3 Rd8 11. Bg5 Be7 12. Nc3 h6 13. Na4 Qa6 14. Be3 Bg4 15. Nc5 Qb5 16. a4 Qxe2 17. Qxe2 Bxe2 18. Rfe1 Bg4 19. Nxb7 Rb8 20. Nc5 0-0 21. h3 Bh5 22. Nd4 Rfc8 23. Na6 Nxd4 24. Nxb8 Nxb3 25. Rab1 Rxb8 26. Bf4 Rb7 27. Re3 g5 28. Be5 Nc5 29. Rxb7 Nxb7 30. Bd4 Kf8 31. Bxa7 Bd1 32. Rc3 Bxa4 33. Rc8+ Be8 34. Bd4 Ne4 35. Bxe4 dxe4 36. Bg7+ Kxg7 37. Rxe8 Kf6 38. Rh8 Kg7 39. Re8 Kf6 40. Rh8 Nd6 41. Rxh6+ Kg7 42. Rh5 f5 43. g4 Bf6 44. h4 gxh4 45. gxf5 Nc4 46. Kf1 Nb6 47. Ke2 Nd5 48. Kd2 Nf4 49. Rxh4 Bxh4 50. Ke3 Bg5 51. Kxe4 Kf6 52. f3 Bh6 53. Kd4 Kxf5 54. Kc5 Ke5 55. Kc6 Ne6 56. Kb6 Kd5 57. Kb7 Bf4 58. Kb6 Nd4 59. Kb7 Nxf3 60. Kb6 Nd4 61. Kb7 Ne6 62. Kb6 Be3+ 63. Kb7 Kd6 64. Kc8 Kc6 65. Kb8 Nc7 66. Kc8 Ba7 67. Kd8 Nd5 68. Ke8 Kd6 69. Kf7 Ne7 70. Kf6 Be3 0-1

[Event "Zug Young Masters 12th"]
[Site "Zug"]
[Date "2005.10.09"]
[Round "2"]
[White "Gasthofer, Alexander"]
[Black "Berkvens, Joost"]
[Result "1/2-1/2"]
[WhiteElo "2418"]
[BlackElo "2430"]
[PlyCount "207"]
[EventDate "2005.10.08"]
[EventType "tourn"]
[EventRounds "9"]
[EventCountry "SUI"]
[EventCategory "4"]
[SourceTitle "CBM 108 Extra"]
[Source "ChessBase"]
[SourceDate "2005.11.04"]
[SourceVersion "1"]
[SourceVersionDate "2005.11.04"]
[SourceQuality "1"]

1. Nf3 Nf6 2. g3 g6 3. c4 Bg7 4. Bg2 0-0 5. 0-0 d6 6. d4 Nc6 7. Nc3 Rb8 8. e3 a6 9. Qe2 b5 10. Rd1 Nd7 11. b3 bxc4 12. Qxc4 Rb4 13. Qe2 e5 14. Bb2 exd4 15. Nd5 Rb5 16. Nxd4 Nxd4 17. Bxd4 Ne5 18. Bxe5 Bxe5 19. Rac1 c5 20. Nc3 Bxc3 21. Rxc3 Qf6 22. Rcd3 Rd8 23. Qd2 c4 24. Rxd6 Rxd6 25. Qxd6 Qxd6 26. Rxd6 cxb3 27. axb3 Be6 28. Rxa6 Rxb3 29. Ra1 g5 30. h3 Kg7 31. g4 Rb2 32. Bf3 Ba2 33. Kg2 Kf6 34. Kg3 Rd2 35. Be4 h6 36. Rc1 Ke5 37. Bg2 Kf6 38. Rc6+ Kg7 39. Be4 Bb3 40. Rb6 Bc4 41. Bf5 Ba2 42. Rb7 Bc4 43. Be4 Ba2 44. Rc7 Bb3 45. Rc1 Kf6 46. Rb1 Ba2 47. Rh1 Bb3 48. Bf3 Rb2 49. h4 Be6 50. h5 Rb4 51. Rd1 Ra4 52. Rc1 Rb4 53. Be2 Ra4 54. Rc3 Rb4 55. Bd1 Rb1 56. Rd3 Rb4 57. f3 Rb1 58. Bc2 Rc1 59. Bb3 Bxb3 60. Rxb3 Kg7 61. Rb2 Ra1 62. Rd2 Re1 63. Kf2 Rh1 64. Ke2 Rh2+ 65. Kd3 Rh3 66. Ke4 Rg3 67. Rf2 Rg1 68. Kf5 Re1 69. Ke4 Rg1 70. Kd3 Rg3 71. Ke2 Rg1 72. Kd3 Rg3 73. e4 Rg1 74. e5 Ra1 75. Re2 Ra3+ 76. Ke4 Ra4+ 77. Ke3 Ra3+ 78. Kf2 Ra6 79. Re4 Rb6 80. Kg3 Ra6 81. Re3 Rb6 82. Rd3 Rb5 83. Re3 Rb6 84. Kf2 Ra6 85. Rd3 Rb6 86. Rd4 Rb2+ 87. Kg3 Rb5 88. e6 fxe6 89. Rd7+ Kg8 90. Re7 Re5 91. Kf2 Kh8 92. Rf7 Kg8 93. Ra7 Kh8 94. Ra3 Kg7 95. Ra7+ Kh8 96. Ra2 Kg7 97. Ra3 Kg8 98. Re3 Rxe3 99. Kxe3 Kf7 100. Kd4 Ke8 101. Kc4 Kd7 102. Kc5 Kc7 103. Kc4 Kd6 104. Kd4 1/2-1/2

[Event "NRW Class1 0506"]
[Site "Germany"]
[Date "2005.09.25"]
[Round "1.1"]
[White "Stoeber, Michael"]
[Black "Berkvens, Joost"]
[Result "1-0"]
[WhiteElo "2296"]
[BlackElo "2430"]
[PlyCount "111"]
[EventDate "2005.09.25"]
[EventType "team"]
[EventRounds "9"]
[EventCountry "GER"]
[SourceTitle "EXT 2006"]
[Source "ChessBase"]
[SourceDate "2005.11.24"]
[SourceVersion "1"]
[SourceVersionDate "2005.11.24"]
[SourceQuality "1"]
[WhiteTeam "Monheim"]
[BlackTeam "Koeln Brueck"]
[WhiteTeamCountry "GER"]
[BlackTeamCountry "GER"]

1. d4 Nf6 2. c4 e6 3. Nf3 a6 4. Nc3 c5 5. e3 d5 6. cxd5 exd5 7. dxc5 Bxc5 8. Be2 0-0 9. 0-0 Nc6 10. b3 Bg4 11. Bb2 Re8 12. h3 Bf5 13. Na4 Ba7 14. Nd4 Bc8 15. Rc1 Ne5 16. Nf3 Nc6 17. Nc5 Ne4 18. Nxe4 dxe4 19. Qxd8 Rxd8 20. Ne5 Nb4 21. Bc4 Nd5 22. Rfd1 Be6 23. Rc2 Nb4 24. Rcd2 Rxd2 25. Rxd2 Bxc4 26. Nxc4 Nd3 27. Nd6 Nc5 28. Bd4 Rd8 29. Bxc5 Bxc5 30. Nxe4 Rxd2 31. Nxd2 f6 32. Kf1 Kf7 33. Ke2 Ke6 34. Kd3 Kd5 35. Ne4 Be7 36. Ng3 Kc5 37. Kc3 g6 38. Ne2 f5 39. a4 Bf6+ 40. Kc2 Be5 41. Nc1 Kd5 42. f3 Bg3 43. Ne2 Bf2 44. Nf4+ Kd6 45. Kd3 Kc5 46. e4 fxe4+ 47. Kxe4 Bg3 48. Nd3+ Kd6 49. f4 h5 50. Ne5 Kc5 51. Nxg6 Kb4 52. f5 a5 53. Kd5 Kxb3 54. f6 Be1 55. f7 Bb4 56. Ke6 1-0

[Event "NRW Class1 0405"]
[Site "Germany"]
[Date "2005.04.24"]
[Round "9.1"]
[White "Berkvens, Joost"]
[Black "Althoff, Franz"]
[Result "1-0"]
[WhiteElo "2453"]
[BlackElo "2142"]
[PlyCount "61"]
[EventDate "2004.10.10"]
[EventType "team"]
[EventRounds "9"]
[EventCountry "GER"]
[SourceTitle "EXT 2006"]
[Source "ChessBase"]
[SourceDate "2005.11.24"]
[SourceVersion "1"]
[SourceVersionDate "2005.11.24"]
[SourceQuality "1"]
[WhiteTeam "Koeln Brueck"]
[BlackTeam "Westbevern"]
[WhiteTeamCountry "GER"]
[BlackTeamCountry "GER"]

1. e4 c5 2. Nf3 d6 3. d4 cxd4 4. Nxd4 Nf6 5. Nc3 a6 6. Be3 e5 7. Nb3 Be6 8. Qd2 Be7 9. f3 Qc7 10. g4 h6 11. 0-0-0 Nbd7 12. Kb1 Rc8 13. Nd5 Bxd5 14. exd5 Nb6 15. c4 Na4 16. h4 Nd7 17. Be2 Nac5 18. g5 Nxb3 19. axb3 h5 20. f4 exf4 21. Bd4 0-0 22. Bxh5 b5 23. Bg4 bxc4 24. bxc4 Rcd8 25. g6 Ne5 26. gxf7+ Nxf7 27. Be6 Kh8 28. Bxg7+ Kxg7 29. Rdg1+ Kh7 30. Qd3+ Kh8 31. Qg6 1-0

[Event "NRW Class1 0405"]
[Site "Germany"]
[Date "2005.01.09"]
[Round "5.1"]
[White "Berkvens, Joost"]
[Black "Wehmeier, Stefan"]
[Result "1/2-1/2"]
[WhiteElo "2453"]
[BlackElo "2366"]
[PlyCount "67"]
[EventDate "2004.10.10"]
[EventType "team"]
[EventRounds "9"]
[EventCountry "GER"]
[SourceTitle "EXT 2006"]
[Source "ChessBase"]
[SourceDate "2005.11.24"]
[SourceVersion "1"]
[SourceVersionDate "2005.11.24"]
[SourceQuality "1"]
[WhiteTeam "Koeln Brueck"]
[BlackTeam "Lippstadt Turm"]
[WhiteTeamCountry "GER"]
[BlackTeamCountry "GER"]

1. d4 Nf6 2. c4 c5 3. d5 e6 4. Nc3 exd5 5. cxd5 d6 6. e4 g6 7. f4 Bg7 8. Bb5+ Nbd7 9. e5 dxe5 10. fxe5 Nh5 11. e6 Qh4+ 12. g3 Nxg3 13. hxg3 Qxh1 14. Be3 Bxc3+ 15. bxc3 a6 16. exd7+ Bxd7 17. Bxd7+ Kxd7 18. Qg4+ f5 19. Qf3 Qxf3 20. Nxf3 Rae8 21. Kf2 Re4 22. Ng5 Rc4 23. a4 Rxc3 24. Rb1 Re8 25. Bf4 Rc2+ 26. Kf3 Rc3+ 27. Kg2 Rc2+ 28. Kh3 b5 29. axb5 h6 30. bxa6 hxg5 31. Rb7+ Kc8 32. Rb8+ Kd7 33. a7 Ra2 34. Rb7+ 1/2-1/2

[Event "NED-chT 0405"]
[Site "Netherlands"]
[Date "2005.01.06"]
[Round "6.2"]
[White "Van der Weide, Karel"]
[Black "Berkvens, Joost"]
[Result "1-0"]
[WhiteElo "2457"]
[BlackElo "2453"]
[PlyCount "53"]
[EventDate "2004.09.18"]
[EventType "team-tourn"]
[EventRounds "9"]
[EventCountry "NED"]
[SourceTitle "EXT 2014"]
[Source "ChessBase"]
[SourceDate "2013.11.20"]
[SourceVersion "1"]
[SourceVersionDate "2013.11.20"]
[SourceQuality "1"]
[WhiteTeam "Rotterdam"]
[BlackTeam "Utrecht"]
[WhiteTeamCountry "NED"]
[BlackTeamCountry "NED"]

1. e4 c5 2. Nf3 Nc6 3. Bb5 g6 4. Bxc6 bxc6 5. 0-0 d6 6. e5 dxe5 7. Nxe5 f6 8. Nc4 e5 9. Nc3 Nh6 10. Qf3 Kd7 11. b4 Nf5 12. b5 Bb7 13. Rb1 Nd4 14. Qh3+ Ke8 15. d3 Qd7 16. Qh4 Be7 17. b6 Ba6 18. Ne4 Qe6 19. bxa7 Bxc4 20. dxc4 f5 21. Rb8+ Kd7 22. Rb7+ Ke8 23. Bg5 Bxg5 24. Nxg5 Qxc4 25. Qh6 Ne2+ 26. Kh1 Nf4 27. Rb8+ 1-0